000 00347nam a2200145Ia 4500
008 230917s9999||||xx |||||||||||||| ||und||
040 _e151319
_aMAIN
041 _aEnglish
082 _a320.5 W49R
100 _aVepar, C.L.
245 0 _aRajdarshan ka swadhayayan
260 _aAllahabad
_bKitab Mahal
_c1979
300 _a150 p.
942 _cBK
999 _c208111
_d208111